100 soruda Türkiye'de din ve siyaset (Record no. 6200)

MARC details
000 -BAŞLIK
Sabit Uzunlukta Kontrol Alanı 00714na a2200253 4500
001 - KONTROL NUMARASI
Denetim Alanı 15634
003 - KONTROL NUMARASI IDENTIFIER
Denetim Alanı MIRAKIL
005 - SON İŞLEM TARİHİ VE ZAMANI
Denetim Alanı 20181213155059.0
008 - SABİT-BOY VERİ ELEMANLARI - GENEL BİLGİLER
Sabit Uzunlukta Kontrol Alanı 170623b tu 000 0
035 ## - SİSTEM KONTROL NUMARASI
Sistem Kontrol Numarası 15634
040 ## - KATALOGLAMA KAYNAK
Orijinal Kataloglama Ajansı Milas
Kataloglama Dili tur
Metne Dönüştürmek Ajansı TR-AnCHP
041 ## - DİL KODU
Metin / Ses Parça Veya Ayrı Başlığın Dil Kodu tur
082 ## - DEWEY ONLU SINIFLANDIRMA NUMARASI
Sınıflandırma Numarası 320.559561
Ürün Numarası Y91b 1983
090 ## - SINIFLAMA NUMARASI
Sınıflama Numarası 320.559561 Y91b 1983
100 ## - ANA GİRİŞ - KİŞİSEL İSİM
Kişisel Ad Yücekök, Ahmet
Bir Adıyla İlişkilendirilen Tarihler 1942 -
245 ## - BAŞLIK TABLOSU
Başlık 100 soruda Türkiye'de din ve siyaset
Sorumluluk Tablosu, Vb Ahmet Yücekök
250 ## - EDITION TABLOSU
Baskı Beyanı 3. bs.
260 ## - YAYIN, DAĞITIM, VB
Yayın, Dağıtım, Vb Yeri İstanbul
Yayıncı, Dağıtıcı, Vs Adı Gerçek yayınevi
Yayın, Dağıtım, Vb Tarihi 1983
300 ## - FİZİKSEL TANIM
Kapsam 112 s.
Boyutlar 19 sm.
490 ## - SERİSİ TABLOSU
Seri Beyanı 100 soruda dizisi
Hacim / Ardışık Tanımı 27
650 ## - KONU KATMA GİRİŞ - TOPİKAL DÖNEM
Topikal Süreli Veya Coğrafi Ad Giriş Elemanı Din ve siyaset
Genel Alt Bölümü İslam
Coğrafi Alt Bölümü Türkiye
650 ## - KONU KATMA GİRİŞ - TOPİKAL DÖNEM
Topikal Süreli Veya Coğrafi Ad Giriş Elemanı Siyasal bilimler
Genel Alt Bölümü Siyasal tarih
Coğrafi Alt Bölümü Türkiye
942 ## - EKLENDİ GİRİŞ ELEMANLARI (KOHA)
Sınıflandırma Veya Raf Düzeni Kaynak
Koha Öğesi Türü Books
999 ## - SİSTEM KONTROL NUMARALARI (KOHA)
Koha Biblionumber 6200
Koha Biblioitemnumber 6200
Holdings
Kalıcı Konum Mevcut Konum Edinme Tarihi Edinim Kaynak Toplam Check-Out'Lar Tam Çağrı Numarası Barkod Tarih Son Görülme İtibaren Geçerli Fiyatlar Koha Öğesi Türü
CHP Kütüphanesi CHP Kütüphanesi 09/19/2016 Bağış   320.559561 Y91b 1983 005572 09/19/2016 09/19/2016 Books